[Event "AUTO-BEG-491"]
[Site "http://www.queenalice.com/game.php?id=952749"]
[Date "2011.6.22"]
[Round "1"]
[White "Newton"]
[Black "pacomar16"]
[Result "0-1"]
[WhiteElo "1237"]
[BlackElo "1307"]

1. e4 d5 2. exd5 Qxd5 3. Nc3 Qe5+ 4. Be2 Bf5 5. Nf3 Qd6 6. d4 Nc6 7. O-O e6 8.
Bb5 a6 9. Bxc6+ bxc6 10. Be3 Rb8 0-1

[Event "AUTO-BEG-491"]
[Site "http://www.queenalice.com/game.php?id=952750"]
[Date "2011.6.22"]
[Round "1"]
[White "pacomar16"]
[Black "Newton"]
[Result "1-0"]
[WhiteElo "1293"]
[BlackElo "1251"]

1. d4 Nf6 2. Nc3 g6 3. e4 d6 4. Nf3 Bg7 5. Bf4 O-O 6. Bc4 Bg4 7. h3 Bxf3 8. Qxf3
Nbd7 9. g4 a6 10. O-O-O b6 11. Rd3 1-0

[Event "Challenge"]
[Site "http://www.queenalice.com/game.php?id=961561"]
[Date "2011.7.18"]
[Round "-"]
[White "potter_brasil"]
[Black "pacomar16"]
[Result "0-1"]
[WhiteElo "1657"]
[BlackElo "1260"]

1. e4 Nc6 2. d4 Nf6 3. Nc3 d5 4. f3 e5 5. dxe5 Nxe5 6. exd5 Bc5 7. Bf4 Qe7 8.
Qe2 Nh5 9. Bxe5 f6 10. Bxc7 Qxe2+ 11. Bxe2 Nf4 12. Bxf4 Bf5 13. O-O-O a6 14. Ne4
Bf2 15. Nxf2 Rc8 16. Bd3 Bd7 17. Ne2 b5 18. Nd4 Rb8 19. Bxb8 Ke7 20. Rhe1+ Kf7
21. Bd6 Rd8 22. Re7+ Kf8 23. Rxd7+ Ke8 24. Re7+ Kf8 25. Ne6+ Kg8 26. Rxg7+ Kh8
27. Rxh7+ Kg8 28. Be7 Rd7 29. Rg7+ Kh8 0-1

[Event "AUTO-OPEN-2444"]
[Site "http://www.queenalice.com/game.php?id=972496"]
[Date "2011.8.14"]
[Round "1"]
[White "pacomar16"]
[Black "xyzzyx"]
[Result "0-1"]
[WhiteElo "1264"]
[BlackElo "1994"]

1. e4 e6 2. d4 d5 3. exd5 exd5 4. Nf3 Nf6 5. Bb5+ c6 6. Bd3 Bd6 7. g3 Bg4 8. Ng5
Bxd1 9. Kxd1 O-O 10. Bf4 Bxf4 11. gxf4 h6 12. Nh3 Qb6 13. Bf5 Qxd4+ 14. Bd3 Qxb2
15. c4 dxc4 16. Bc2 Qxa1 17. Ke2 Qxa2 18. Kd2 Na6 19. Nc3 Qa5 20. f5 Rad8+ 21.
Ke2 Qxc3 22. Ba4 Rfe8+ 23. Kf1 Qe1+ 24. Kg2 Qe4+ 25. f3 Rd2+ 26. Kg3 Qxf5 27.
Rd1 Nh5+ 28. Kh4 Rxh2 29. Rh1 Qxh3# 0-1

[Event "AUTO-OPEN-2444"]
[Site "http://www.queenalice.com/game.php?id=972497"]
[Date "2011.8.14"]
[Round "1"]
[White "xyzzyx"]
[Black "pacomar16"]
[Result "1-0"]
[WhiteElo "2018"]
[BlackElo "1288"]

1. c4 e5 2. Nc3 Nf6 3. g3 Nc6 4. Bg2 d5 5. cxd5 Nd4 6. e3 Nb5 7. Nxb5 c6 8. dxc6
bxc6 9. Bxc6+ Bd7 10. Bxd7+ Qxd7 11. Nc3 Rc8 12. Nge2 a5 13. O-O Ng4 14. d4 Qe6
15. dxe5 Qh6 16. h4 Rd8 17. Qa4+ Ke7 18. Qxg4 Qg6 19. Qxg6 hxg6 20. Nd4 f6 21.
Nc6+ Ke8 22. Nxd8 Kxd8 23. exf6 gxf6 24. Nd5 Kd7 25. Nxf6+ Ke7 26. Ne4 Bg7 27.
Rb1 a4 28. b3 g5 29. Nxg5 Bc3 30. Bb2 Bd2 31. Bxh8 Kf8 32. bxa4 Kg8 33. Rb7 Kxh8
34. Rd1 Ba5 35. Rc1 1-0

[Event "AUTO-OPEN-2444"]
[Site "http://www.queenalice.com/game.php?id=972498"]
[Date "2011.8.14"]
[Round "1"]
[White "pacomar16"]
[Black "johndavidtelker"]
[Result "0-1"]
[WhiteElo "1290"]
[BlackElo "1650"]

1. Nf3 c6 2. d4 d5 3. Ne5 Nf6 4. f3 Nbd7 5. f4 Nxe5 6. fxe5 Ne4 7. Bf4 Bf5 8.
Qd3 Bg6 9. g4 e6 10. Qe3 Be7 11. b3 Bh4+ 12. Kd1 Nf2+ 13. Kd2 Nxh1 14. Nc3 Be7
15. g5 Qc7 16. Bg2 a6 17. Bxh1 Bb4 18. a3 Bxc3+ 19. Qxc3 Rc8 20. Rc1 b6 21. a4
c5 22. b4 cxb4 23. Qxb4 Bxc2 24. Rxc2 Qxc2+ 25. Ke3 Qc3+ 26. Qxc3 Rxc3+ 27. Kd2
Rc4 28. Bg2 Rxd4+ 29. Kc2 Rxa4 30. Kb3 Rxf4 31. e3 Rg4 32. Bf3 Rxg5 33. e4 Rxe5
34. exd5 O-O 35. d6 Rd8 36. d7 Rxd7 37. Bc6 Rd4 38. Bf3 Re3+ 39. Kc2 Rxf3 40. h4
Rxh4 41. Kd2 Rh2+ 42. Ke1 Ra3 43. Kf1 Ra1# 0-1

[Event "AUTO-OPEN-2444"]
[Site "http://www.queenalice.com/game.php?id=972499"]
[Date "2011.8.14"]
[Round "1"]
[White "johndavidtelker"]
[Black "pacomar16"]
[Result "1-0"]
[WhiteElo "1668"]
[BlackElo "1283"]

1. d4 Nc6 2. e4 Nf6 3. Nc3 e5 4. d5 Nb4 5. a3 Na6 6. b4 c5 7. b5 Nc7 8. a4 a6 9.
Bb2 axb5 10. Bxb5 Nxb5 11. Nxb5 d6 12. Qd3 Qa5+ 13. Bc3 Qd8 14. Nf3 Ng4 15. O-O
Qf6 16. Nc7+ Ke7 17. h3 Rxa4 18. Rxa4 Nh6 19. Ra8 Bd7 20. Bd2 Bxh3 21. Qb5 Qg6
22. Qe8+ Kf6 23. Bg5+ Qxg5 24. Nxg5 Kxg5 25. gxh3 f5 26. Ne6+ Kh4 27. Nxf8 Kxh3
28. Qh5# 1-0

[Event "AUTO-OPEN-2444"]
[Site "http://www.queenalice.com/game.php?id=972500"]
[Date "2011.8.14"]
[Round "1"]
[White "pacomar16"]
[Black "Antonino"]
[Result "0-1"]
[WhiteElo "1262"]
[BlackElo "2005"]

1. d4 d5 2. Nf3 Nf6 3. Nc3 e6 4. Ne5 Be7 5. f3 c5 6. dxc5 Bxc5 7. e4 O-O 8. Nb5
a6 9. Nc3 d4 10. Ne2 Nbd7 11. Nc4 b5 12. Nd2 Ne5 13. Nf4 Bb7 14. Nb3 Bb4+ 15. c3
dxc3 16. bxc3 Bxc3+ 17. Bd2 Bxa1 18. Qxa1 Rc8 19. Ba5 Qd6 20. Ne2 Nd3+ 21. Kd1
Nf2+ 22. Ke1 Nxh1 23. g3 Nh5 24. g4 Qxh2 25. gxh5 Qf2+ 26. Kd2 Qxf3 27. Ned4
Qxe4 28. Bd3 Qf4+ 29. Ke2 Ng3+ 30. Kd1 e5 31. Ne2 Nxe2 32. Bxe2 Be4 33. Bb4
Rfd8+ 34. Nd2 Bc2+ 35. Ke1 Qh4+ 36. Kf1 Qh1+ 37. Kf2 Qxa1 38. Nb3 Qb2 39. h6 Bd3
40. Nc1 Rxc1 41. Be7 Qxe2+ 42. Kg3 Rg1+ 43. Kh4 Qh2# 0-1

[Event "AUTO-OPEN-2444"]
[Site "http://www.queenalice.com/game.php?id=972501"]
[Date "2011.8.14"]
[Round "1"]
[White "Antonino"]
[Black "pacomar16"]
[Result "1-0"]
[WhiteElo "1898"]
[BlackElo "1281"]

1. e4 Nc6 2. d4 Nf6 3. Nc3 e5 4. dxe5 Nxe5 5. Nf3 d5 6. Nxe5 dxe4 7. Qxd8+ Kxd8
8. Nxf7+ Kd7 9. Nxh8 Bc5 10. Nf7 Ke7 11. Ng5 h6 12. Ngxe4 Nxe4 13. Nxe4 Bd4 14.
c3 Bb6 15. Bc4 Be6 16. Bxe6 Kxe6 17. Be3 c5 18. Nxc5+ Ke5 19. Nd7+ Ke4 20. Bxb6
axb6 21. O-O-O Rd8 22. g4 Kf3 23. Ne5+ Kg2 24. Rxd8 Kxh1 25. f4 Kxh2 26. Kd2 Kg3
27. Ke3 g5 28. fxg5 hxg5 29. Rd3 b5 30. Ke2+ Kf4 31. Re3 b6 32. Kd3 b4 33. Kd4
b3 34. Rf3# 1-0

[Event "Challenge"]
[Site "http://www.queenalice.com/game.php?id=984213"]
[Date "2011.9.12"]
[Round "-"]
[White "jbugg"]
[Black "pacomar16"]
[Result "1-0"]
[WhiteElo "1349"]
[BlackElo "1286"]

1. e4 Nc6 2. Nc3 Nf6 3. Nf3 e5 4. Bc4 Bc5 5. Ng5 d5 6. exd5 Na5 7. Bb5+ c6 8.
dxc6 bxc6 9. Ba4 h6 10. Nf3 Ng4 11. O-O Bd6 12. h3 Nf6 13. d3 e4 14. dxe4 Bc7
15. Nd4 O-O 16. Re1 c5 17. Nf5 g6 18. Nxh6+ Kh7 19. Qxd8 Bxd8 20. e5 Ng8 21. Ng4
f6 22. exf6 Nxf6 23. Be3 Nc4 24. Bc6 Bc7 25. Bxa8 Nxg4 26. Bxc5 Rf5 27. hxg4
Rxc5 28. b4 Re5 29. Ne4 Nd2 30. f3 Nxe4 31. fxe4 Bxg4 32. c4 a5 33. b5 Bb6+ 34.
Kh2 Bf2 35. Rf1 Bc5 36. Rae1 Re8 37. Rf4 Be6 38. Rc1 Rxa8 39. e5 Ba3 40. Rc3 Bb4
41. Rd3 Bxc4 42. Rd7+ Kh6 43. Rxc4 Bf8 44. Rh4+ Kg5 45. Rh8 Kf5 46. Rf7+ Ke6 47.
Rfxf8 Ra7 48. Re8+ Kd5 49. Rhg8 a4 50. Rxg6 Kc5 51. e6 Kxb5 52. e7 Ra6 53. Rg7
Kb4 54. Rd8 Ka3 55. e8=Q Kxa2 56. Rb8 a3 57. Qe2+ Ka1 58. Qxa6 a2 59. Qf1# 1-0

[Event "suerte viviana"]
[Site "http://www.queenalice.com/game.php?id=990876"]
[Date "2011.9.28"]
[Round "-"]
[White "Vivianna"]
[Black "pacomar16"]
[Result "1-0"]
[WhiteElo "1331"]
[BlackElo "1271"]

1. d4 Nc6 2. d5 Nb4 3. Nc3 c6 4. e4 cxd5 5. Nxd5 Nxd5 6. exd5 Nf6 7. Bc4 Qc7 8.
b3 e6 9. dxe6 fxe6 10. Qe2 Bc5 11. Nf3 d5 12. O-O dxc4 13. Be3 Ng4 14. g3 e5 15.
Qxc4 Nxe3 16. fxe3 Bxe3+ 17. Kg2 g5 18. Qxc7 Bb6 19. Qxe5+ Kd8 20. Qxh8+ Kc7 21.
Rad1 g4 22. Ne5 1-0